01399nab a2200373 a 450000100060000000300080000600500170001400600190003100700150005000800410006502200140010603500210012004000260014105000220016708000100018908200120019910000250021122200500023624501430028626000690042930000160049831000140051436200250052853301640055365000270071765000250074465000570076965000460082665500320087270000230090471000190092785600620094699900170100832791FlNmELB20241216220753.0m o d | cr cn|||||||||201201r1996 mx |||||s|||||||||||spa d a1405-6666 a(OCoLC)955380987 aFlNmELBbspacFlNmELB 4aLB1501bL563 1996 a373.304a3722221 aLeón, Humberto de. 0aRevista Mexicana de Investigación Educativa10aProcedimiento de solución de niños de primaria en problemas de repartoh[recurso electronico] /cHumberto de León, Irma Fuenlabrada. aMéxico :bCentro Mexicano de Investigación Educativa,c1996. a268-283 pp. aSemestral0 aVol. 1, No. 2(1996)- aRecurso electrónico. Santa Fe, Arg.: e-libro, 2015. Disponible vía World Wide Web. El acceso puede estar limitado para las bibliotecas afiliadas a e-libro. 4aEducación.xGeneral. 4aEducation.xGeneral. 4aArtes y disciplinas del lenguaje.xAlfabetización. 4aLanguage Arts and Disciplines.xLiteracy. 4aArtículos electrónicos.1 aFuenlabrada, Irma.2 ae-libro, Corp.40uhttps://elibro.net/ereader/politecnicointernacional/93359 c32791d32791